Statistieken voor Namen van mijn vrienden

Klik hier om de quiz te nemen!

Algemene statistieken

  • Deze quiz is 8 keer genomen
  • De gemiddelde score is 4 van 15

Antwoordstatistieken

HintAntwoord% Correct
9Timo
57%
3Alex
43%
12Isabel
43%
6Jelle
43%
1Silas
43%
15Krijn
29%
2Ninthe
29%
5Arthur
14%
11Binc
14%
13Dayne
14%
10Iven
14%
7Juul
14%
8Lieve
14%
4Quinn
14%
14Tijn
14%

Scoreverdeling

Percentiel versus Aantal Correcte Antwoorden

Procent van Mensen met Elke Score

Uw Scoregeschiedenis

U heeft deze quiz nog niet genomen